| 000 | 01063cam a22003257a 4500 | ||
|---|---|---|---|
| 003 | CHAP | ||
| 005 | 20220329135800.0 | ||
| 008 | 971013s1968 mx a r 00010 spa d | ||
| 010 | _a42035 | ||
| 011 | _a43007 | ||
| 035 | _a47137 | ||
| 040 | _cCHAP | ||
| 090 | _aFolleto 2867y | ||
| 110 | 1 |
_aE.U.A. Department of Agriculture _934876 |
|
| 245 | 1 | 3 | _aEl barrenador europeo del maíz ; como combatirlo |
| 260 |
_aMéxico, D. F. : _bCentro Regional de Ayuda Técnica, _c1968 |
||
| 300 |
_a14 p. _b: ilus. |
||
| 490 | 0 |
_aFarmer's bulletin _v; 2190 |
|
| 590 |
_aBATCH-UPD _b10 _c20130110 _lUCH01 _h2050 |
||
| 590 |
_aBATCH-UPD _b10 _c20130410 _lUCH01 _h1402 |
||
| 590 |
_aBATCH-UPD _b10 _c20130914 _lUCH01 _h1703 |
||
| 590 |
_aCONVERSION _b10 _c20130109 _lUCH01 _h1323 |
||
| 650 | 1 | 4 |
_aMaíz _xPlagas. _971034 |
| 650 | 1 | 4 |
_aPyrausta nubilalis. _993095 |
| 830 | 0 |
_aFarmer's bulletin _v; 2190 _939770 |
|
| 901 | _aBK | ||
| 942 | _cFOLL | ||
| 949 |
_aFolleto 2867y _bBC _cFOLL _d-107203 _eTS1 _i47137 _mD _si |
||
| 949 |
_aFolleto 2867y _bBC _cFOLL _d-107204 _eTS2 _fc.2 _i47137 _mD _si |
||
| 999 |
_c42035 _d42035 |
||